000 00312nam a2200133Ia 4500
005 20251222144825.0
008 251222s9999||||xx |||||||||||||| ||spa||
020 _a84-8130-165-5
082 _a828.9/O75R
100 _aOrwell, George
245 0 _aRebelión en la Granja
264 _bEl Comercio
942 _cLIB
999 _c20631
_d20631